Captcha Time! - Statistics

General Stats
  • This quiz has been taken 2,182 times
  • The average score is 23 of 25
Answer Stats
Question Tile Select % Correct
images with traffic lights. No
100%
images with traffic lights. No
99%
images with traffic lights. No
99%
images with traffic lights. No
99%
images with traffic lights. No
99%
images with traffic lights. No
99%
images with traffic lights. No
99%
images with traffic lights. No
99%
images with traffic lights. No
99%
images with traffic lights. Yes
98%
images with traffic lights. Yes
98%
images with traffic lights. No
98%
images with traffic lights. No
98%
images with traffic lights. No
98%
images with traffic lights. Yes
98%
images with traffic lights. No
96%
images with a bus. No
95%
images with a bus. No
95%
images with a bus. No
94%
images with a bus. No
93%
images with a bus. Yes
92%
images with a bus. Yes
92%
images with a bus. Yes
91%
images with a bus. No
90%
images with a bus. Yes
15%
No matching quizzes found
Score Distribution
Percent of People with Each Score
Percentile by Number Answered
Your Score History
You have not taken this quiz